[Event "HUN-ch U18 Girls"]
[Site "Budapest"]
[Date "2010.07.04"]
[Round "7"]
[White "Sallai, Andrea"]
[Black "Hitter, Gabriella"]
[Result "1-0"]
[WhiteElo "1642"]
[BlackElo "2060"]
[PlyCount "61"]
[EventDate "2010.06.26"]
[EventType "tourn"]
[EventRounds "7"]
[EventCountry "HUN"]
[SourceTitle "CBM 137 Extra"]
[Source "ChessBase"]
[SourceDate "2010.09.01"]
[SourceVersion "1"]
[SourceVersionDate "2010.09.01"]
[SourceQuality "1"]

1. d4 d5 2. c4 c6 3. Nf3 Nf6 4. Nc3 e6 5. g3 dxc4 6. a4 Nd5 7. e4 Nxc3 8. bxc3 b5 9. axb5 cxb5 10. Ne5 Bb7 11. Bg2 Nd7 12. f4 Nb6 13. 0-0 Be7 14. Qh5 g6 15. Qh6 Bf8 16. Qh3 Bg7 17. f5 exf5 18. exf5 Bxg2 19. Qxg2 Qd5 20. f6 Bf8 21. Re1 0-0-0 22. Qxd5 Rxd5 23. Nxf7 Rg8 24. Rxa7 Kb8 25. Ra5 Nd7 26. Bf4+ Kb7 27. Nd8+ Kb6 28. Rea1 Nc5 29. Ra8 Rd7 30. f7 Rh8 31. Be5 1-0

[Event "HUN-chT2 Erkel 0809"]
[Site "Hungary"]
[Date "2008.12.21"]
[Round "4.12"]
[White "Sallai, Andrea"]
[Black "Horvath, Ilona Klara"]
[Result "1-0"]
[WhiteElo "1575"]
[BlackElo "1816"]
[PlyCount "81"]
[EventDate "2008.10.26"]
[EventType "tourn"]
[EventRounds "11"]
[EventCountry "HUN"]
[SourceTitle "EXT 2010"]
[Source "ChessBase"]
[SourceDate "2010.11.25"]
[SourceVersion "1"]
[SourceVersionDate "2010.11.25"]
[SourceQuality "1"]
[WhiteTeam "TTC"]
[BlackTeam "MAFC"]
[WhiteTeamCountry "HUN"]
[BlackTeamCountry "HUN"]

1. d4 d5 2. c4 c6 3. e3 a6 4. Nc3 Nf6 5. Bd3 dxc4 6. Bxc4 b5 7. Bd3 e6 8. Nf3 Bd6 9. 0-0 0-0 10. Qc2 h6 11. e4 Be7 12. b3 b4 13. Ne2 Bb7 14. Bb2 Nbd7 15. Rad1 Rc8 16. Ng3 Qb6 17. Qe2 Rfd8 18. e5 Nh7 19. Qe4 Ndf8 20. Nh5 Ng6 21. Qg4 Nhf8 22. Nd2 c5 23. Nc4 Qc7 24. f4 cxd4 25. f5 exf5 26. Bxf5 d3 27. e6 Bc5+ 28. Kh1 Kh7 29. Bxg6+ fxg6 30. Rf7 Qxf7 31. exf7 Rd5 32. Nf4 Rg5 33. Qh3 Rd8 34. Ne5 d2 35. Nf3 Rf5 36. Nxg6 Be4 37. Nxf8+ Bxf8 38. Qh4 Bxf3 39. gxf3 Rdd5 40. Qe4 g6 41. Qe8 1-0